000 01366cam a22002891i 4500
003 SA-RiAUC
005 20260107114819.0
008 260101s1987____pk g 000 0 ara c
040 _aSA-JeALM
_bara
_cSA-RiAUC
_erda
082 0 4 _a236.2
090 _a236.2
_bش ي ب
100 1 _aالشيباني، محمد بن الحسن،
_d131-189 هجري
_eمؤلف.
245 1 0 _aكتاب الآثار /
_cأبو عبد الله محمد بن محمد الحسن الشيباني. ويليه الإيثار بمعرفة رواة الآثار / أحمد بن علي بن حجر العسقلاني.
246 3 0 _aالآثار
264 1 _aكراتشي، باكستان :
_bإدارة القرآن والعلوم الإسلامية،
_c1987
300 _a210 + 41 صفحة ؛
_c24 سم
336 _aنص
_btxt
_2rdacontent
_3كتاب
337 _aبدون وسيط
_bn
_2rdamedia
338 _aمجلد
_bnc
_2rdacarrier
650 7 _aالحديث
_xكتب أئمة الفقه الأربعة
_2aucsh
650 7 _aطبقات رواة الحديث وحفاظه
_vتراجم
_2aucsh
650 7 _aالفقه الحنفي
_2aucsh
700 1 2 _aابن حجر العسقلاني، أحمد بن علي بن محمد،
_d773-852 هجري
740 0 2 _aالإيثار بمعرفة رواة الآثار.
942 _2ddc
_cBOOK
_n0
949 _aSA-JeALM
_d260101
_uosman123
_n1
999 _c13943
_d13943